Del sentimiento trágico de la vida
Guardat en:
| Autor principal: | |
|---|---|
| Format: | Llibre |
| Idioma: | espanyol |
| Publicat: |
Buenos Aires
Espasa- Calpe
1938
|
| Edició: | 2a. ed |
| Col·lecció: | Colección Austral, 4
|
| Matèries: | |
| Etiquetes: |
Afegir etiqueta
Sense etiquetes, Sigues el primer a etiquetar aquest registre!
|
MARC
| LEADER | 00000nam a2200000 a 4500 | ||
|---|---|---|---|
| 001 | UCZ2864 | ||
| 003 | CL-VaPUC | ||
| 008 | 951013e19380000AG |||||||||||||||||spa|d | ||
| 082 | 0 | 4 | |a 864 |b UNA |2 21 |
| 100 | 0 | |a Unamuno, Miguel de |e author |9 312478 | |
| 245 | 1 | 0 | |a Del sentimiento trágico de la vida |
| 250 | |a 2a. ed | ||
| 300 | |a 249 p | ||
| 942 | |c BK | ||
| 945 | |d 19951013 00:00:00 |a rbrito | ||
| 260 | |a Buenos Aires |b Espasa- Calpe |c 1938 | ||
| 650 | 0 | |a Ensayos españoles |9 313128 | |
| 583 | |a last modification |c 19951013 00:00:00 |k Rodrigo Vera | ||
| 490 | 0 | |a Colección Austral, 4 | |
| 999 | |c 239411 |d 239409 | ||
| 952 | |0 0 |1 0 |4 0 |6 864_000000000000000_UNA_1938 |7 0 |8 R |9 250515 |a BIBEDU |b BIBEDU |c MCIRC |d 2019-11-18 |i 2005271 |o 864 UNA 1938 |p 2005271 |r 2023-01-13 |w 2019-11-18 |y BK_R |k LIT | ||